Vkladanie elektronickej účtovnej závierky do registra účtovných závierok

Novela zákona o účtovníctve č. 431/2002 Z. z. v znení neskorších predpisov, ktorou sa doplnila štvrtá časť "Register", a ktorou majú účtovné jednotky povinnosť uložiť účtovnú závierku do centrálneho registra účtovných závierok.

Salvato in:
Dettagli Bibliografici
Autore principale: Kubaščíková, Zuzana, 1982-
Natura: Capitolo di libro
Lingua:slovacco
Soggetti:
Tags: Aggiungi Tag
Nessun Tag, puoi essere il primo ad aggiungerne!!

MARC

LEADER 00000naa a2200000 4500
001 0172059
005 20240502072941.7
041 0 |a slo 
044 |a SK 
245 1 0 |a Vkladanie elektronickej účtovnej závierky do registra účtovných závierok  |c Zuzana Kubaščíková 
520 |a Novela zákona o účtovníctve č. 431/2002 Z. z. v znení neskorších predpisov, ktorou sa doplnila štvrtá časť "Register", a ktorou majú účtovné jednotky povinnosť uložiť účtovnú závierku do centrálneho registra účtovných závierok. 
610 2 0 |a jednotka účtovná 
610 2 0 |a informácie účtovné 
610 2 0 |a postupy účtovné 
610 2 0 |a doklady účtovné 
610 2 0 |a závierka účtovná 
610 2 0 |a registre 
610 2 0 |a doklady účtovné 
100 1 |a Kubaščíková, Zuzana, 1982-